Statistics for I Can Guess Your South American Country!

Click here to take the quiz!

General Stats

  • This quiz has been taken 653 times
    (607 since last reset)
  • The average score is 4 of 14

Answer Stats

Answer% Correct
CORRECT
74%
INCORRECT
36%
Brazil
32%
Uruguay
29%
Argentina
26%
Ecuador
25%
Guyana
25%
Chile
24%
Colombia
24%
Suriname
24%
Bolivia
21%
Paraguay
21%
Peru
20%
Venezuela
20%

Score Distribution

Percentile by Number Answered

Percent of People with Each Score

Your Score History

You have not taken this quiz since the last reset